| 000 | 00958cam a2200289 a 4500 | ||
|---|---|---|---|
| 999 |
_c1540 _d1540 |
||
| 001 | 12895256 | ||
| 003 | OSt | ||
| 005 | 20210628112931.0 | ||
| 008 | 020814s2004 caua 001 0 eng | ||
| 010 | _a 2002111603 | ||
| 020 | _a0534389996 (student ed. with InfoTrac College ed.) | ||
| 020 | _a0534390013 (student ed. without InfoTrac College ed.) | ||
| 035 | _a(DLC) 2002111603 | ||
| 040 |
_aDLC _cDLC _dDLC |
||
| 050 | 0 | 0 |
_aQD251.3 _b.M364 2004 |
| 082 | 0 | 0 |
_a547 _222 |
| 100 | 1 | _aMcMurry, John. | |
| 245 | 1 | 0 |
_aOrganic chemistry / _cJohn McMurry. |
| 250 | _a6th ed. | ||
| 260 |
_aBelmont, CA : _bThomson-Brooks/Cole, _cc2004. |
||
| 300 |
_a1 v. (various pagings) : _bill. (some col.) ; _c26 cm. |
||
| 500 | _aIncludes index. | ||
| 650 | 0 | _aChemistry, Organic. | |
| 906 |
_a7 _bcbc _corignew _d3 _eepcn _f20 _gy-gencatlg |
||
| 942 |
_2lcc _cBK _nSO |
||